Country Flag-Shapes of Europe - Statistics

General Stats
  • This quiz has been taken 179 times
  • The average score is 43 of 45
Answer Stats
Picture Answer % Correct
Finland
100%
Germany
100%
Spain
100%
United Kingdom
100%
France
99%
Greece
99%
Norway
99%
Sweden
99%
Russia
98%
Croatia
97%
Denmark
97%
Iceland
97%
Ireland
97%
Italy
97%
Poland
97%
Portugal
97%
Switzerland
97%
Ukraine
97%
Czechia
96%
Estonia
96%
Albania
95%
Austria
95%
Belarus
95%
Belgium
95%
Hungary
95%
Kosovo
95%
Malta
95%
Netherlands
95%
Bosnia and Herzegovina
94%
North Macedonia
94%
Romania
94%
Slovakia
94%
Slovenia
94%
Serbia
93%
Vatican City
93%
Bulgaria
92%
Latvia
92%
Liechtenstein
92%
Luxembourg
92%
Moldova
92%
Lithuania
91%
San Marino
91%
Andorra
90%
Monaco
90%
Montenegro
90%
No matching quizzes found
Score Distribution
Percent of People with Each Score
Percentile by Number Answered
Your Score History
You have not taken this quiz